[Event "Ceske Budejovice op"]
[Site "?"]
[Date "1998.??.??"]
[Round "?"]
[White "Stets Dmitry"]
[Black "Chernyshov Konstantin"]
[Result "1/2-1/2"]
[WhiteElo "2435"]
[BlackElo "2485"]
[PlyCount "22"]
[EventDate "1998.??.??"]
[Source "www.chesslib.no"]
[SourceDate "2004.05.04"]

1. e4 c5 2. Nf3 Nc6 3. d4 cxd4 4. Nxd4 Qb6 5. Nb3 e6 6. Nc3 a6 7. Bd3 Bb4 8. Bd2 Nf6 9. O-O O-O 10. Qf3 d6 11. Qg3 Bxc3 1/2-1/2

[Event "Budapest HUN"]
[Site "?"]
[Date "2000.05.24"]
[Round "3"]
[White "Naiditsch Arkadij"]
[Black "Anka Emil"]
[Result "1-0"]
[WhiteElo "2442"]
[BlackElo "2474"]
[PlyCount "97"]
[EventDate "2000.??.??"]
[Source "www.chesslib.no"]
[SourceDate "2004.05.04"]

1. e4 c5 2. Nf3 Nc6 3. d4 cxd4 4. Nxd4 Qb6 5. Nb3 Nf6 6. Bd3 e6 7. O-O Qc7 8. Nc3 a6 9. f4 d6 10. Qf3 Be7 11. Bd2 Nd7 12. Rae1 O-O 13. Kh1 Nb4 14. Nb5 axb5 15. Bxb4 Rxa2 16. e5 f5 17. Nd4 Nc5 18. Nxb5 Qb6 19. exd6 Bxd6 20. Nxd6 Qxb4 21. Nxc8 Nxd3 22. Qxd3 Rxc8 23. Rxe6 Qxb2 24. Rfe1 Ra1 25. Qd7 Rf8 26. Qd5 Kh8 27. Qxf5 Qb4 28. Qxf8+ Qxf8 29. Rxa1 h6 30. Rf1 Qf5 31. Re2 Qb5 32. Ref2 Qc4 33. f5 Kh7 34. h3 b5 35. Rd1 b4 36. Rd7 Kg8 37. Re7 Qc5 38. Ree2 Qc4 39. Re3 Qd5 40. Ref3 Qd1+ 41. Kh2 Qd6+ 42. g3 h5 43. h4 Qd5 44. f6 gxf6 45. Rxf6 b3 46. R6f5 bxc2 47. Rxd5 c1=Q 48. Rg5+ Kh7 49. Rxh5+ 1-0

[Event "Zalakaros Open"]
[Site "Zalakaros"]
[Date "1995.??.??"]
[Round "7"]
[White "Videki, Sandor"]
[Black "Csom, Istvan"]
[Result "1/2-1/2"]
[WhiteElo "2455"]
[BlackElo "2455"]
[PlyCount "83"]
[EventDate "1995.??.??"]
[Source "www.chesslib.no"]
[SourceDate "2004.05.04"]

1. e4 c5 2. Nf3 Nc6 3. d4 cxd4 4. Nxd4 Qb6 5. Nb3 Qc7 6. Nc3 e6 7. Bd3 d6 8. f4 Nf6 9. Qf3 Be7 10. Bd2 a6 11. O-O Nb4 12. Kh1 Nxd3 13. cxd3 O-O 14. Rac1 Qd8 15. g4 Nd7 16. g5 b6 17. h4 Bb7 18. Nd4 Re8 19. f5 Ne5 20. Qg3 exf5 21. Nxf5 Bf8 22. Bf4 Rc8 23. Bxe5 dxe5 24. Rf3 Rc7 25. Rg1 Re6 26. h5 g6 27. hxg6 hxg6 28. Nh6+ Bxh6 29. gxh6 Kh7 30. Qh3 Rf6 31. Qh4 g5 32. Rxg5 Rxh6 33. Qxh6+ Kxh6 34. Rg2 Qh4+ 35. Rh2 Qxh2+ 36. Kxh2 Kg6 37. Kg2 Rc8 38. Kf2 b5 39. a3 Rh8 40. Rg3+ Kf6 41. Rg2 Bc6 42. b4 1/2-1/2

[Event "Xanthi"]
[Site "Xanthi"]
[Date "1991.??.??"]
[Round "?"]
[White "Georgiev, Krum I"]
[Black "Grivas, Efstratios"]
[Result "1/2-1/2"]
[WhiteElo "2480"]
[BlackElo "2425"]
[PlyCount "28"]
[EventDate "1991.??.??"]
[Source "www.chesslib.no"]
[SourceDate "2004.05.04"]

1. e4 c5 2. Nf3 Nc6 3. d4 cxd4 4. Nxd4 Qb6 5. Nb5 Nf6 6. Be3 Qd8 7. Nd2 g6 8. c4 Bg7 9. Nc3 O-O 10. Be2 e6 11. O-O d5 12. exd5 exd5 13. cxd5 Nxd5 14. Nxd5 Qxd5 1/2-1/2

[Event "CRO-chT"]
[Site "Rabac"]
[Date "2003.09.09"]
[Round "3"]
[White "Ascic, Pero"]
[Black "Kurajica, Bojan"]
[Result "1/2-1/2"]
[WhiteElo "2347"]
[BlackElo "2558"]
[PlyCount "31"]
[EventDate "2003.09.07"]
[Source "Roberto Alvarez"]
[SourceDate "2003.09.22"]

1. e4 c5 2. Nf3 Nc6 3. d4 cxd4 4. Nxd4 Qb6 5. Nb5 a6 6. Be3 Qd8 7. N5c3 e6 8. Na4 Bb4+ 9. c3 Ba5 10. Qg4 Nf6 11. Qxg7 Rg8 12. Qh6 Rg6 13. Qh4 Rg4 14. Qh6 Rg6 15. Qh4 Rg4 16. Qh6 1/2-1/2

[Event "GMA Baleares Open"]
[Site "Palma de Majorca ESP"]
[Date "1989.??.??"]
[Round "3"]
[White "Rantanen, Yrjo A"]
[Black "Akopian, Vladimir E"]
[Result "1/2-1/2"]
[WhiteElo "2380"]
[BlackElo "2520"]
[PlyCount "69"]
[EventDate "1989.12.??"]
[Source "www.chesslib.no"]
[SourceDate "2004.05.04"]

1. e4 c5 2. Nf3 Nc6 3. d4 cxd4 4. Nxd4 Qb6 5. Nb5 Nf6 6. N5c3 e6 7. Be2 Be7 8. O-O O-O 9. Nd2 d5 10. exd5 exd5 11. Nb3 d4 12. Nb5 Rd8 13. a4 Rd7 14. a5 Qd8 15. Ra4 Rd5 16. N5xd4 Bd7 17. Bf3 Nxa5 18. Rxa5 Rxa5 19. Nxa5 Qxa5 20. Bxb7 Rd8 21. c3 Qb6 22. Bf3 Bc5 23. b4 Bxd4 24. Qxd4 Qxd4 25. cxd4 Bb5 26. Rd1 Ba4 27. Rd2 Rc8 28. Ba3 Rc3 29. Ra2 Rc4 30. d5 Rd4 31. h3 Bb3 32. Bb2 Bxa2 33. Bxd4 Nxd5 34. Bc5 Bc4 35. Bxd5 1/2-1/2

[Event "EU-chT (Men)"]
[Site "Debrecen"]
[Date "1992.??.??"]
[Round "9"]
[White "Zhuravliov, Valerij"]
[Black "Varga, Zoltan"]
[Result "1-0"]
[WhiteElo "2485"]
[BlackElo "2410"]
[PlyCount "225"]
[EventDate "1992.11.??"]
[Source "ChessBase"]

1. e4 c5 2. Ne2 Nc6 3. d4 cxd4 4. Nxd4 Qc7 5. Nb5 Qb8 6. c4 Nf6 7. N5c3 e6 8. Be3 Be7 9. Be2 O-O 10. O-O Rd8 11. Qd2 b6 12. Bf4 Ne5 13. Rd1 Bb7 14. Bg3 d6 15. Qd4 Qc7 16. Na3 a6 17. Kh1 Rac8 18. Rac1 h6 19. h3 Nfd7 20. Qe3 Ng6 21. Rc2 Nc5 22. Rcd2 Bg5 23. f4 Bf6 24. Nab1 e5 25. fxe5 dxe5 26. Rxd8+ Rxd8 27. Nd5 Bxd5 28. exd5 Bg5 29. Qf3 Bf4 30. Nc3 Bxg3 31. Qxg3 a5 32. Bg4 Qe7 33. Qe3 Qh4 34. g3 Qf6 35. Kg2 e4 36. Rf1 Qe5 37. h4 Ne7 38. Qf4 Qxf4 39. Rxf4 Kf8 40. b3 Re8 41. Rf1 Ng8 42. Nb5 Nf6 43. Be2 Rd8 44. Kf2 g6 45. Ke3 Kg7 46. Nd4 Rd6 47. a3 Rd8 48. b4 Nb7 49. bxa5 Ra8 50. Rb1 Rxa5 51. Rxb6 Rxa3+ 52. Rb3 Rxb3+ 53. Nxb3 Nd6 54. g4 h5 55. gxh5 Nf5+ 56. Kf4 Nxh4 57. d6 gxh5 58. c5 Ng6+ 59. Kf5 h4 60. Bf1 e3 61. Nd4 Nf8 62. c6 Nd5 63. Ke4 Nb6 64. Kxe3 f5 65. Nb3 Kf6 66. Nc5 h3 67. Kf2 Ke5 68. d7 Nfxd7 69. cxd7 Nxd7 70. Nxd7+ Kd6 71. Nf6 h2 72. Kg2 Ke5 73. Nh5 f4 74. Kxh2 Ke4 75. Kg2 Ke3 76. Nf6 f3+ 77. Kg3 f2 78. Ng4+ Ke4 79. Nh2 Ke3 80. Kg4 Ke4 81. Bg2+ Ke3 82. Nf1+ Ke2 83. Kf4 Ke1 84. Ke3 Kd1 85. Kd3 Ke1 86. Bh3 Kd1 87. Ne3+ Ke1 88. Nc2+ Kd1 89. Bf1 Kc1 90. Kc3 Kd1 91. Bc4 Kc1 92. Ne3 Kb1 93. Nd1 f1=Q 94. Bxf1 Kc1 95. Ne3 Kb1 96. Bc4 Ka1 97. Nc2+ Kb1 98. Bd5 Kc1 99. Na3 Kd1 100. Bf3+ Kc1 101. Be4 Kd1 102. Nc4 Ke2 103. Kd4 Kf2 104. Bd3 Kf3 105. Ke5 Kg3 106. Ne3 Kf2 107. Nc2 Kg3 108. Be2 Kf2 109. Bd1 Kg3 110. Ke4 Kh4 111. Kf4 Kh3 112. Bf3 Kh4 113. Ne3 1-0

[Event "chT"]
[Site "chT Moscow"]
[Date "1994.??.??"]
[Round "2"]
[White "Bezgodov, Alexei"]
[Black "Kiselev, Sergey"]
[Result "1/2-1/2"]
[WhiteElo "2425"]
[BlackElo "2465"]
[PlyCount "31"]
[EventDate "1994.??.??"]
[Source "www.chesslib.no"]
[SourceDate "2004.05.04"]

1. e4 c5 2. Nf3 Nc6 3. d4 cxd4 4. Nxd4 Qb6 5. Nb3 Nf6 6. Nc3 Nb8 7. g3 Na6 8. Bg2 Qe6 9. Qd3 Nb4 10. Na4 Qh3 11. Qd1 Ng8 12. Qd2 Qf5 13. Qd6 Nd5 14. Nac5 e6 15. Na4 Kd8 16. c4 1/2-1/2

[Event "Open Batumi GEO"]
[Site "?"]
[Date "2001.??.??"]
[Round "3"]
[White "Shovunov, B."]
[Black "Yegiazarian, A."]
[Result "0-1"]
[WhiteElo "2365"]
[BlackElo "2525"]
[PlyCount "76"]
[EventDate "2001.??.??"]
[Source "www.chesslib.no"]
[SourceDate "2004.05.04"]

1. e4 c5 2. Nf3 Nc6 3. d4 cxd4 4. Nxd4 Qb6 5. Nb3 Nf6 6. Bd3 e6 7. O-O d6 8. c4 Be7 9. Nc3 Ne5 10. Be3 Qc7 11. Rc1 b6 12. Be2 a6 13. f4 Ned7 14. Nd2 Bb7 15. Bd3 Rc8 16. Qe2 Qb8 17. Rce1 O-O 18. Kh1 Nc5 19. Bb1 b5 20. Bxc5 Rxc5 21. e5 Ne8 22. b4 Rc7 23. f5 exf5 24. exd6 Bxd6 25. c5 Re7 26. Qd3 Rxe1 27. Rxe1 Bxh2 28. Nf1 Bc7 29. Ne3 Nf6 30. Nxf5 Re8 31. Rf1 Qd8 32. Nd4 Re5 33. c6 Rh5+ 34. Kg1 Bb6 35. cxb7 Bxd4+ 36. Rf2 Bxf2+ 37. Kxf2 Qb6+ 38. Kf1 Re5 0-1

[Event "Hartberg Open"]
[Site "Hartberg AUT"]
[Date "1991.??.??"]
[Round "2"]
[White "Sinowjew, Juri"]
[Black "Razuvaev, Yuri S"]
[Result "0-1"]
[WhiteElo "2300"]
[BlackElo "2585"]
[PlyCount "98"]
[EventDate "1991.07.??"]
[Source "www.chesslib.no"]
[SourceDate "2004.05.04"]

1. e4 c5 2. Nf3 Nc6 3. d4 cxd4 4. Nxd4 Qb6 5. Nb3 e6 6. Bd3 a6 7. O-O Qc7 8. Be3 Nf6 9. f4 d6 10. c4 Nb4 11. Nc3 Nxd3 12. Qxd3 Be7 13. a4 Bd7 14. a5 Rc8 15. Nd2 O-O 16. Rfc1 Ng4 17. Bb6 Qb8 18. h3 Nh6 19. g4 f6 20. Qe3 Rce8 21. Qf2 Nf7 22. Be3 Nd8 23. Rcb1 Nc6 24. Nf3 Nb4 25. Qd2 Qc8 26. b3 f5 27. exf5 exf5 28. g5 d5 29. Nxd5 Bc5 30. Ne5 Bxe3+ 31. Nxe3 Rxe5 32. fxe5 Qc5 33. Qf2 Nd3 34. Qd2 Qxe5 35. Ng2 Qd4+ 36. Qe3 Qxe3+ 37. Nxe3 f4 38. Nd5 Bxh3 39. Rd1 Ne5 40. Nb6 Rf5 41. Rd8+ Kf7 42. Kh2 Rxg5 43. Kxh3 Nf3 44. Rd7+ Ke6 45. Re7+ Kxe7 46. Nd5+ Kd6 47. Nxf4 Ke5 48. Ng2 Rg6 49. Rd1 Rd6 0-1

[Event "ISR-chT"]
[Site "Israel"]
[Date "1997.??.??"]
[Round "2"]
[White "Rechlis, Gad"]
[Black "Maryasin, Boris"]
[Result "1-0"]
[WhiteElo "2525"]
[BlackElo "2360"]
[PlyCount "57"]
[EventDate "1997.??.??"]
[Source "ChessBase"]
[SourceDate "1997.07.29"]

1. e4 c5 2. Nf3 Nc6 3. d4 cxd4 4. Nxd4 Qb6 5. Nb3 Nf6 6. Bd3 e6 7. O-O Be7 8. c4 d6 9. Nc3 Qc7 10. Bf4 b6 11. Rc1 Qd7 12. Qe2 Bb7 13. Rfd1 e5 14. Be3 Ng4 15. Bd2 Nd4 16. Nxd4 exd4 17. Nb5 O-O 18. Nxd4 Bh4 19. Nf5 Nxf2 20. Nxh4 Nxd1 21. Rxd1 Rae8 22. Nf5 f6 23. Bb4 Re6 24. Bc2 Rd8 25. Nxd6 Qe7 26. c5 bxc5 27. Nxb7 Rxd1+ 28. Qxd1 cxb4 29. Bb3 1-0

[Event "Open A"]
[Site "Bratto"]
[Date "2004.08.24"]
[Round "5"]
[White "Shytaj, Luca"]
[Black "Sax, Gyula"]
[Result "1/2-1/2"]
[WhiteElo "2344"]
[BlackElo "2535"]
[PlyCount "34"]
[EventDate "2004.08.20"]
[Source "Roberto Alvarez"]
[SourceDate "2004.09.06"]

1. e4 c5 2. Nf3 Nc6 3. d4 cxd4 4. Nxd4 Qb6 5. Nb5 a6 6. Be3 Qa5+ 7. N5c3 e6 8. Nd2 b5 9. a4 b4 10. Nc4 Qc7 11. Nd5 exd5 12. exd5 Nd8 13. Bb6 Qb7 14. Qe2+ Ne6 15. dxe6 dxe6 16. Qd3 Bd7 17. Be2 Bc6 1/2-1/2

[Event "16th VR Bank Open"]
[Site "Apolda GER"]
[Date "2007.08.25"]
[Round "4"]
[White "Huschenbeth, N."]
[Black "Kritz, L."]
[Result "0-1"]
[WhiteElo "2306"]
[BlackElo "2571"]
[PlyCount "62"]
[EventDate "2007.08.23"]
[Source "www.chesslib.no"]
[SourceDate "2004.05.04"]

1. e4 c5 2. Nf3 Nc6 3. d4 cxd4 4. Nxd4 Qb6 5. Nb3 e6 6. Nc3 a6 7. Bd3 Nf6 8. O-O d6 9. Qe2 Be7 10. Kh1 Ne5 11. Be3 Qd8 12. h3 O-O 13. f4 Nxd3 14. cxd3 b5 15. a4 b4 16. Na2 a5 17. Nd4 Bd7 18. Nc1 Qb8 19. Ncb3 Qe8 20. Nd2 Bxa4 21. Nc4 Ra6 22. b3 Bb5 23. Bd2 d5 24. e5 dxc4 25. dxc4 Bd7 26. c5 Ra8 27. exf6 Bxf6 28. Qc4 Bc8 29. Nb5 Qc6 30. Ra2 Ba6 31. Rxa5 Bb7 0-1

[Event "Bern Open"]
[Site "Bern SUI"]
[Date "1990.??.??"]
[Round "9"]
[White "Vogt, Lothar H"]
[Black "Ilic, Zoran"]
[Result "1-0"]
[WhiteElo "2500"]
[BlackElo "2375"]
[PlyCount "53"]
[EventDate "1990.02.??"]
[Source "www.chesslib.no"]
[SourceDate "2004.05.04"]

1. e4 c5 2. Nf3 Nc6 3. d4 cxd4 4. Nxd4 Qb6 5. Nb3 Nf6 6. Bd3 d5 7. exd5 Nxd5 8. O-O e6 9. c4 Nf6 10. Nc3 Be7 11. Qe2 O-O 12. Bf4 Bd7 13. Rad1 e5 14. Nd5 Nxd5 15. cxd5 Nb4 16. Bxe5 Rfe8 17. Bd4 Qh6 18. Be3 Bg5 19. Bxg5 Qxg5 20. Qf3 Nxa2 21. Nc5 Bg4 22. Qg3 Qh5 23. Bxh7+ Kxh7 24. Rd4 Qe5 25. Qxg4 Nc1 26. Re4 Ne2+ 27. Qxe2 1-0

[Event "XXX International Open"]
[Site "?"]
[Date "1999.03.30"]
[Round "4"]
[White "Van Riemsdijk Herman Claudius"]
[Black "Panno Oscar R"]
[Result "1/2-1/2"]
[WhiteElo "2418"]
[BlackElo "2454"]
[PlyCount "92"]
[EventDate "1999.??.??"]
[Source "www.chesslib.no"]
[SourceDate "2004.05.04"]

1. e4 c5 2. Nf3 Nc6 3. d4 cxd4 4. Nxd4 Qb6 5. Nb5 Nf6 6. Be3 Qd8 7. f3 a6 8. N5c3 e6 9. Na4 d5 10. Nb6 Rb8 11. exd5 Nxd5 12. Bf2 Be7 13. Nxd5 exd5 14. Nd2 O-O 15. Be2 Bf6 16. c3 d4 17. Ne4 Be5 18. O-O Bf5 19. cxd4 Bxd4 20. Ng3 Bg6 21. Bxd4 Nxd4 22. Bd3 Qb6 23. Kh1 Rfd8 24. Bxg6 hxg6 25. Qb1 Rbc8 26. Rc1 Ne6 27. Rc2 Nf4 28. Ne4 Qe3 29. Rxc8 Rxc8 30. Qe1 Qxe1+ 31. Rxe1 Nd3 32. Rb1 Rc2 33. Kg1 Nxb2 34. Nd6 Nd3 35. Nxb7 Rxa2 36. Nd6 Rb2 37. Ra1 Rb6 38. Ne4 Rc6 39. Kf1 f6 40. Rd1 Rc1 41. Rxc1 Nxc1 42. Nc5 a5 43. Ke1 Na2 44. Kd2 g5 45. Nb7 a4 46. Nc5 Nb4 1/2-1/2

[Event "RUS Cup final 5th"]
[Site "Kazan"]
[Date "2001.10.06"]
[Round "5"]
[White "Vorobiov, Evgeny E"]
[Black "Kurnosov, Igor"]
[Result "1/2-1/2"]
[WhiteElo "2503"]
[BlackElo "2361"]
[PlyCount "53"]
[EventDate "2001.10.02"]
[Source "ChessBase"]
[SourceDate "2001.02.01"]

1. e4 c5 2. Nf3 Nc6 3. d4 cxd4 4. Nxd4 Qb6 5. Nb5 Nf6 6. Be3 Qd8 7. Bd3 a6 8. N5c3 e6 9. O-O Be7 10. Nd2 d5 11. exd5 exd5 12. Nf3 Bg4 13. Be2 O-O 14. Nd4 Be6 15. Re1 Qc7 16. Bf3 Rad8 17. h3 Bc8 18. Bg5 h6 19. Bh4 Nxd4 20. Qxd4 Be6 21. Rad1 b5 22. a3 Qc4 23. Qxc4 dxc4 24. Bb7 Rxd1 25. Rxd1 Rb8 26. Bxa6 b4 27. axb4 1/2-1/2

[Event "New York op"]
[Site "New York"]
[Date "1989.??.??"]
[Round "3"]
[White "Brooks, Michael A"]
[Black "Epishin, Vladimir"]
[Result "0-1"]
[WhiteElo "2385"]
[BlackElo "2465"]
[PlyCount "140"]
[EventDate "1989.03.??"]
[Source "ChessBase"]

1. e4 c5 2. Nf3 Nc6 3. d4 cxd4 4. Nxd4 Qb6 5. Nb3 Nf6 6. Bd3 e6 7. O-O Be7 8. c4 d5 9. Nc3 d4 10. c5 Qd8 11. Nb5 O-O 12. Bg5 e5 13. Rc1 Ne8 14. Bd2 Be6 15. f4 exf4 16. Bxf4 a6 17. Na3 Bg5 18. g3 Bxf4 19. gxf4 Nf6 20. Kh1 Re8 21. Qf3 Nb4 22. Bc4 Bg4 23. Qg2 Rxe4 24. Nd2 Re7 25. Rg1 Nbd5 26. Bxd5 Re2 27. Bxf7+ Kxf7 28. Qxb7+ Kg8 29. Nac4 Rb8 30. Qc6 Be6 31. Rg5 h6 32. Qf3 Rxd2 33. Re5 Bxc4 34. Rxc4 Rbxb2 35. Rc1 Rxh2+ 36. Kg1 d3 37. c6 Qd4+ 38. Qe3 Rbg2+ 39. Kf1 Qxe3 40. Rxe3 Rh1+ 41. Kxg2 Rxc1 42. Rxd3 Rxc6 43. Kf3 Kf7 44. f5 h5 45. Rd4 a5 46. Kf4 h4 47. Rd3 Rc4+ 48. Kf3 Ra4 49. a3 h3 50. Kg3 Nh5+ 51. Kh2 Nf4 52. Rg3 Kf6 53. Rg4 Kxf5 54. Rxg7 Rxa3 55. Rf7+ Ke4 56. Rf8 a4 57. Re8+ Kf3 58. Rg8 Rd3 59. Ra8 a3 60. Ra4 Rb3 61. Rc4 Nd5 62. Rc8 a2 63. Ra8 Nb4 64. Rf8+ Ke3 65. Re8+ Kd3 66. Rd8+ Kc3 67. Rc8+ Kb2 68. Rc7 Nd3 69. Rd7 a1=Q 70. Rxd3 Qg1+ 0-1

[Event "2. Open"]
[Site "?"]
[Date "2003.12.11"]
[Round "3"]
[White "Arias Lemmys A"]
[Black "Golod Vitali"]
[Result "1/2-1/2"]
[WhiteElo "2305"]
[BlackElo "2544"]
[PlyCount "155"]
[EventDate "2003.??.??"]
[Source "www.chesslib.no"]
[SourceDate "2004.05.04"]

1. e4 c5 2. Nf3 Nc6 3. d4 cxd4 4. Nxd4 Qb6 5. Nb3 Nf6 6. Bd3 e6 7. c4 d5 8. exd5 exd5 9. O-O Be6 10. Qe2 Be7 11. Nc3 dxc4 12. Bxc4 Bxc4 13. Qxc4 Qb4 14. Qxb4 Nxb4 15. Bg5 O-O 16. Rfe1 Rfe8 17. Rad1 h6 18. Bh4 Nc6 19. Nd4 Nxd4 20. Rxd4 Bc5 21. Rxe8+ Rxe8 22. Rd1 Bd4 23. Bxf6 Bxf6 24. Kf1 Bxc3 25. bxc3 Rc8 26. Rd3 Kf8 27. Ke2 Ke7 28. Re3+ Kd7 29. Rd3+ Kc6 30. Rg3 g6 31. Rh3 h5 32. Rf3 Rc7 33. h4 Kd5 34. Kd3 Rd7 35. Re3 Kc6+ 36. Kc2 b6 37. g3 Kd6 38. Kb3 Kc5 39. Re5+ Kc6 40. Re3 Rd2 41. Rf3 f5 42. Re3 f4 43. Rf3 fxg3 44. fxg3 Rd6 45. a4 Re6 46. Kc4 Re4+ 47. Kb3 Kc5 48. Rd3 Rg4 49. Re3 a5 50. Re5+ Kc6 51. Re3 b5 52. axb5+ Kxb5 53. Re5+ Kb6 54. Re6+ Kb7 55. c4 g5 56. hxg5 Rxg3+ 57. Ka4 Rxg5 58. Rh6 Kc7 59. Kb3 Rf5 60. Kc3 Kd7 61. Kd4 a4 62. Kc3 Rf3+ 63. Kb2 a3+ 64. Ka2 Rh3 65. c5 h4 66. Rd6+ Kc8 67. Rh6 Kc7 68. Rd6 Rc3 69. Rh6 h3 70. Ka1 Kd7 71. Ka2 Rd3 72. Ka1 Ke7 73. c6 Kd8 74. Rh7 Kc8 75. Ka2 Rf3 76. Ka1 Rf1+ 77. Ka2 Rf2+ 78. Kxa3 1/2-1/2

[Event "BKL-Turnier"]
[Site "Leipzig"]
[Date "1988.??.??"]
[Round "?"]
[White "Perenyi, Bela"]
[Black "Gruenberg, Hans Ulrich"]
[Result "0-1"]
[WhiteElo "2370"]
[BlackElo "2465"]
[PlyCount "112"]
[EventDate "1988.01.??"]
[Source "ChessBase"]

1. e4 c5 2. Nf3 Nc6 3. d4 cxd4 4. Nxd4 Qb6 5. Nxc6 bxc6 6. Nc3 d6 7. Bd3 Nf6 8. O-O e6 9. Ne2 Be7 10. Ng3 O-O 11. b3 a5 12. Bb2 a4 13. e5 dxe5 14. Bxe5 Ba6 15. c4 Rfd8 16. Qc2 axb3 17. axb3 h6 18. h3 Bb7 19. Rxa8 Bxa8 20. Ra1 Bb7 21. Be2 c5 22. Qc3 Ra8 23. Rxa8+ Bxa8 24. Nh5 Nxh5 25. Bxh5 Bf8 26. Qd2 Qxb3 27. Qf4 f6 28. f3 Qd1+ 29. Kh2 Qd7 30. Bb8 Bb7 31. Bg6 Ba6 32. Qe4 Bb7 33. Qf4 Bc6 34. Qe3 Bd6+ 35. Bxd6 Qxd6+ 36. Kh1 Qd1+ 37. Kh2 Qd6+ 38. Kh1 Kf8 39. Qb3 Be8 40. Be4 f5 41. Bd3 Qd4 42. Qc2 Ke7 43. Qb1 Kf6 44. Bf1 Ba4 45. Qb8 Ke7 46. f4 Bd1 47. Qc7+ Kf6 48. Kh2 Kg6 49. Kh1 Kh7 50. Qb8 Qf2 51. Bd3 Bf3 52. Bxf5+ exf5 53. gxf3 Qxf3+ 54. Kh2 Qf2+ 55. Kh1 Qf1+ 56. Kh2 Qxc4 0-1

[Event "BEL Team Ch 9697"]
[Site "Belgium"]
[Date "1997.??.??"]
[Round "10"]
[White "Geenen, Marc"]
[Black "Kishnev, Sergey"]
[Result "0-1"]
[WhiteElo "2330"]
[BlackElo "2500"]
[PlyCount "68"]
[EventDate "1996.??.??"]
[Source "www.chesslib.no"]
[SourceDate "2004.05.04"]

1. e4 c5 2. Nf3 Nc6 3. d4 cxd4 4. Nxd4 b6 5. Nb3 Nf6 6. Nc3 e6 7. a3 Be7 8. Bd3 O-O 9. O-O d6 10. Kh1 a6 11. f4 Qc7 12. Qf3 b5 13. Bd2 Bb7 14. Qh3 b4 15. axb4 Nxb4 16. e5 dxe5 17. fxe5 Qxe5 18. Ra5 Qd6 19. Bxh7+ Nxh7 20. Rh5 e5 21. Rxh7 Bxg2+ 22. Qxg2 Kxh7 23. Rg1 g6 24. Ne4 Qb6 25. Bc3 Nc6 26. Qh3+ Kg7 27. Qg3 Rh8 28. Na5 Rh5 29. Nxc6 Qxc6 30. Bxe5+ Kg8 31. Re1 Bh4 32. Qf3 Rxe5 33. Nf6+ Qxf6 34. Qxa8+ Kg7 0-1

[Event "Zalakaros Open"]
[Site "Zalakaros"]
[Date "1995.??.??"]
[Round "4"]
[White "Almasi, Istvan"]
[Black "Csom, Istvan"]
[Result "1/2-1/2"]
[WhiteElo "2375"]
[BlackElo "2455"]
[PlyCount "33"]
[EventDate "1995.??.??"]
[Source "www.chesslib.no"]
[SourceDate "2004.05.04"]

1. e4 c5 2. Nf3 Nc6 3. d4 cxd4 4. Nxd4 Qb6 5. Nb5 a6 6. Be3 Qa5+ 7. N5c3 e6 8. Be2 b5 9. Nd2 Nf6 10. O-O Qc7 11. f4 d6 12. Bf3 Be7 13. a4 b4 14. Ne2 Rb8 15. Nb3 e5 16. a5 O-O 17. f5 1/2-1/2

[Event "San Isidoro Open"]
[Site "San Isidoro"]
[Date "1993.??.??"]
[Round "1"]
[White "Paglilla, Carlos"]
[Black "Quinteros, Miguel A"]
[Result "1-0"]
[WhiteElo "2325"]
[BlackElo "2505"]
[PlyCount "39"]
[EventDate "1993.??.??"]
[Source "www.chesslib.no"]
[SourceDate "2004.05.04"]

1. e4 c5 2. Nf3 Nc6 3. d4 g6 4. d5 Na5 5. Nc3 Bg7 6. Be2 e6 7. Nb5 d6 8. dxe6 Bxe6 9. Nxd6+ Kf8 10. Ng5 Bf6 11. Nxe6+ fxe6 12. c3 Ne7 13. Bh6+ Kg8 14. Nc4 Nac6 15. Bg4 Bg7 16. Bxe6+ Kf8 17. Qf3+ Nf5 18. exf5 Bxh6 19. fxg6+ Kg7 20. Qf7# 1-0

[Event "Balaguer"]
[Site "?"]
[Date "2006.07.09"]
[Round "2"]
[White "Michalik Peter"]
[Black "Mrva Mart"]
[Result "0-1"]
[WhiteElo "2330"]
[BlackElo "2499"]
[PlyCount "108"]
[EventDate "2006.??.??"]
[Source "www.chesslib.no"]
[SourceDate "2004.05.04"]

1. e4 c5 2. Nf3 Nc6 3. d4 cxd4 4. Nxd4 Qb6 5. Nb3 Nf6 6. Nc3 d6 7. Bf4 g6 8. Qd2 Bg7 9. Be2 O-O 10. h4 h5 11. f3 Be6 12. Be3 Qc7 13. Nb5 Qb8 14. N3d4 Bd7 15. Nc3 Rc8 16. O-O-O Ne5 17. Bg5 Nc4 18. Bxc4 Rxc4 19. Nde2 b5 20. Bxf6 Bxf6 21. Nd5 Be5 22. b3 Rc5 23. Nxe7+ Kf8 24. Nd5 Qc8 25. f4 Bg7 26. Nb4 Bg4 27. Qxd6+ Kg8 28. Rd2 Kh7 29. Nd4 a5 30. Nd3 Rc3 31. e5 a4 32. Kb1 axb3 33. cxb3 Qb7 34. Nc5 Qa7 35. Ne4 Rd3 36. Rxd3 Qxa2+ 37. Kc1 Qa1+ 38. Kd2 Qxh1 39. Ng5+ Kg8 40. Ndf3 Bxf3 41. gxf3 Bf8 42. Qc7 Qh2+ 43. Kc3 Qxf4 44. Kb2 Qh2+ 45. Kc3 b4+ 46. Kd4 Qxh4+ 47. Ne4 Bg7 48. Kc4 Qf4 49. Qc6 Qc1+ 50. Rc3 Qf1+ 51. Kxb4 Rb8+ 52. Kc5 Bxe5 53. Nf6+ Kg7 54. Nd7 Qf2+ 0-1

[Event "Essent Open"]
[Site "?"]
[Date "2004.10.18"]
[Round "4"]
[White "Doggers Peter"]
[Black "Brodsky Michail"]
[Result "0-1"]
[WhiteElo "2292"]
[BlackElo "2533"]
[PlyCount "44"]
[EventDate "2004.??.??"]
[Source "www.chesslib.no"]
[SourceDate "2004.05.04"]

1. e4 c5 2. Nf3 Nc6 3. d4 cxd4 4. Nxd4 Qb6 5. Nb5 a6 6. Be3 Qd8 7. Nd4 e5 8. Nb3 Nf6 9. Bg5 Bb4+ 10. N1d2 d5 11. Bxf6 gxf6 12. c3 Be7 13. exd5 Qxd5 14. Qh5 Be6 15. O-O-O O-O-O 16. Rg1 Qd7 17. Be2 Qc7 18. Bg4 Nb4 19. Kb1 Nd3 20. Ne4 Nf4 21. Bxe6+ fxe6 22. Qh6 Rdg8 0-1

[Event "16th VR Bank Open"]
[Site "Apolda GER"]
[Date "2007.08.26"]
[Round "6"]
[White "Zwahr, P."]
[Black "Kritz, L."]
[Result "1/2-1/2"]
[WhiteElo "2250"]
[BlackElo "2571"]
[PlyCount "86"]
[EventDate "2007.08.23"]
[Source "www.chesslib.no"]
[SourceDate "2004.05.04"]

1. e4 c5 2. Nf3 Nc6 3. d4 cxd4 4. Nxd4 Qb6 5. Nb3 Nf6 6. Bd3 e6 7. O-O Be7 8. Nc3 d6 9. Qe2 O-O 10. Kh1 Ne5 11. f4 Nxd3 12. cxd3 Qd8 13. Be3 Bd7 14. Rac1 Qb8 15. Rc2 Rc8 16. Rfc1 b6 17. Nd4 Qb7 18. Qd1 Ne8 19. Nf3 Rc7 20. f5 Rac8 21. fxe6 fxe6 22. Bg5 Bf8 23. Ne2 Rxc2 24. Rxc2 Rxc2 25. Qxc2 Qa6 26. Nc3 Qa5 27. Qb3 Qc5 28. Nd1 h6 29. Be3 Qc8 30. Nc3 Nc7 31. Qc4 Qb7 32. Nd4 b5 33. Qb3 a6 34. a3 Kh7 35. Nf3 a5 36. Ne2 d5 37. e5 Be8 38. Qc2 b4 39. axb4 axb4 40. Nf4 Kg8 41. Nd4 Qa7 42. Bg1 Bc5 43. Nc6 Bxc6 1/2-1/2

[Event "ECC"]
[Site "Rethymnon"]
[Date "2003.10.02"]
[Round "5"]
[White "Hautot, Stephane"]
[Black "Horvath, Adam"]
[Result "0-1"]
[WhiteElo "2317"]
[BlackElo "2503"]
[PlyCount "80"]
[EventDate "2003.09.28"]
[Source "Roberto Alvarez"]
[SourceDate "2003.10.06"]

1. e4 c5 2. Nf3 Nc6 3. d4 cxd4 4. Nxd4 Qb6 5. Nb3 e6 6. Be3 Qc7 7. Nc3 a6 8. Bd3 b5 9. O-O Nf6 10. f4 d6 11. Qf3 Bb7 12. Qh3 Be7 13. g4 b4 14. Na4 d5 15. e5 Nd7 16. Qg3 d4 17. Bc1 h5 18. g5 h4 19. Qh3 g6 20. Be4 Rc8 21. Qf3 h3 22. Bd2 Rh4 23. Qg3 Rh5 24. Rae1 Kf8 25. Re2 Kg7 26. Be1 Ndxe5 27. Bf2 Rd8 28. Rd1 Kg8 29. Nxd4 Nxd4 30. Rxd4 Rxd4 31. Bxd4 Bxe4 32. Rxe4 Qxc2 33. Rxe5 Qd1+ 34. Re1 Qxd4+ 35. Qe3 Qd5 36. Qe4 Qxa2 37. Qa8+ Kg7 38. Qe8 Qd5 39. Re2 Qd4+ 40. Kf1 Bxg5 0-1

[Event "Moscow-ch"]
[Site "Moscow"]
[Date "1994.??.??"]
[Round "?"]
[White "Kobalija, Mihail"]
[Black "Utemov, Vladimir"]
[Result "1-0"]
[WhiteElo "2410"]
[BlackElo "2405"]
[PlyCount "74"]
[EventDate "1994.??.??"]
[Source "ChessBase"]

1. e4 c5 2. Nf3 Nc6 3. d4 cxd4 4. Nxd4 Qb6 5. Nb5 a6 6. Be3 Qa5+ 7. N5c3 e6 8. Bd3 d5 9. Nd2 Nf6 10. exd5 exd5 11. O-O Bd6 12. h3 O-O 13. Bg5 Be5 14. Nb3 Qd8 15. Nxd5 Bxb2 16. Rb1 h6 17. Bh4 Be5 18. f4 Qxd5 19. Bxf6 Bd4+ 20. Nxd4 Nxd4 21. Be5 Be6 22. Kh2 Nc6 23. Ba1 b5 24. f5 Qd6+ 25. g3 Bc4 26. Bxg7 Bxd3 27. Bxf8 Rxf8 28. Qxd3 Qxd3 29. cxd3 Rd8 30. Rfd1 Nd4 31. g4 Kg7 32. Rbc1 Re8 33. a4 Re2+ 34. Kg3 Re3+ 35. Kf4 Rxh3 36. Rc5 bxa4 37. Ke4 Nb3 1-0